| 000 | 01246nam a2200229Ia 4500 | ||
|---|---|---|---|
| 003 | Ost | ||
| 005 | 20260507074908.0 | ||
| 008 | 260507s9999||||xx |||||||||||||| ||und|| | ||
| 040 | _cfsecg | ||
| 041 | _aara | ||
| 082 | _a310 | ||
| 100 |
_aأبو عمة، عبد الرحمن محمد _eمؤلف |
||
| 245 | 0 |
_aمقدمة في المعاينة الإحصائية / _c عبد الرحمن محمد أبو عمة |
|
| 260 |
_aالرياض: _bدار المريخ للنشر, _c1995 |
||
| 300 |
_a391 صفحة؛ _bإيضاحات ؛ _c24 سم |
||
| 504 | _aببليوغرافيا: ص.385 المصطلحات ص.387 | ||
| 520 | _aبعض المفاهيم الإحصائية، المعاينة العشوائية البسيطة، المعاينة الطبيقية العشوائية، المعاينة المنتظمة، المعاينة العنقودية، التقدير بالنسبة بين متغيرين وبخط الإنحدار والإرتباط، المعاينة المزدوجة وتقدير حجم المجتمع | ||
| 653 | _aالإحصاء - المعاملات الإرتباطية | ||
| 653 | _aالإحصاء التطبيقي | ||
| 700 |
_aالحسيني، عبد البر راضي _eمؤلف ثانوي |
||
| 942 | _cكتاب | ||
| 999 |
_c41711 _d41711 |
||